书目信息 |
| 题名: |
食品营养与卫生
|
|
| 作者: | 张永根 主编 | |
| 分册: | ||
| 出版信息: | 北京 中国商业出版社 1989.05 |
|
| 页数: | 244页 | |
| 开本: | 19cm | |
| 丛书名: | ||
| 单 册: | ||
| 中图分类: | TS201.4 | |
| 科图分类: | ||
| 主题词: | 食品工业 | |
| 电子资源: | ||
| ISBN: | 7-5044-0230-3 | |
| 000 | 00557nam0 2200193 450 | |
| 001 | 0854852540 | |
| 005 | 20080109152023.13 | |
| 010 | @a7-5044-0230-3@dCNY3.10 | |
| 100 | @a20080109d1989 km y0chiy0120 ea | |
| 101 | 0 | @achi |
| 102 | @aCN@b110000 | |
| 200 | 1 | @a食品营养与卫生@Ashi pin ying yang yu wei sheng@f张永根主编@Fzhang yong gen zhu bian |
| 210 | @a北京@c中国商业出版社@d1989.05 | |
| 215 | @a244页@d19cm | |
| 606 | 0 | @a食品工业 |
| 690 | @aTS201.4@v4 | |
| 701 | 0 | @a张永根@Azhang yong gen@4主编 |
| 801 | 0 | @aCN@bPFT@c20080109 |
| 905 | @aBZT@dTS201.4@e234 | |
| 食品营养与卫生/张永根主编.-北京:中国商业出版社,1989.05 |
| 244页;19cm |
| ISBN 7-5044-0230-3:CNY3.10 |
| ● |
| 相关链接 |
|
|
|
正题名:食品营养与卫生
索取号:TS201.4/234
 
预约/预借
| 序号 | 登录号 | 条形码 | 馆藏地/架位号 | 状态 | 备注 |
| 1 | 073265 | 201299825 | 中心书库中库/ 中库025架A面2列4层41/ [索取号:TS201.4/234] | 在馆 | |
| 2 | 073266 | 201299834 | 中心书库中库/ 中库025架A面2列4层49/ [索取号:TS201.4/234] | 在馆 | |
| 3 | 073267 | 201299807 | 中心书库中库/ 中库025架A面2列4层47/ [索取号:TS201.4/234] | 在馆 | |
| 4 | 073268 | 201299816 | 中心书库中库/ 中库025架A面2列4层44/ [索取号:TS201.4/234] | 在馆 | |
| 5 | 073270 | 201299781 | 中心书库中库/ 中库025架A面2列4层45/ [索取号:TS201.4/234] | 在馆 | |
| 6 | 073271 | 201299790 | 中心书库中库/ 中库025架A面2列4层43/ [索取号:TS201.4/234] | 在馆 | |
| 7 | 073272 | 201299763 | 中心书库中库/ 中库025架A面2列4层48/ [索取号:TS201.4/234] | 在馆 | |
| 8 | 073273 | 201299772 | 中心书库中库/ 中库025架A面2列4层46/ [索取号:TS201.4/234] | 在馆 | |
| 9 | 073275 | 201299745 | 中心书库中库/ 中库025架A面2列4层42/ [索取号:TS201.4/234] | 在馆 | |
| 10 | 073283 | 200937718 | 中心书库中库/ 中库025架A面2列4层40/ [索取号:TS201.4/234] | 在馆 | |
| 11 | 073284 | 200937709 | 中心书库中库/ 中库025架A面2列4层39/ [索取号:TS201.4/234] | 在馆 |